The apostolic fathers; Vol. 3. (Record no. 15399)

000 -LEADER
fixed length control field 00625nam a2200181 a 4500
001 - CONTROL NUMBER
control field :::00014233$&:&@@
003 - CONTROL NUMBER IDENTIFIER
control field OkBaRHE
005 - DATE AND TIME OF LATEST TRANSACTION
control field 20000829085615.0
008 - FIXED-LENGTH DATA ELEMENTS--GENERAL INFORMATION
fixed length control field s1981 j 000 0 eng u
040 ## - CATALOGING SOURCE
Transcribing agency
100 1# - MAIN ENTRY--PERSONAL NAME
Personal name Lightfoot, J. B. (Joseph Barber),
245 14 - TITLE STATEMENT
Title The apostolic fathers; Vol. 3.
260 ## - PUBLICATION, DISTRIBUTION, ETC. (IMPRINT)
Place of publication, distribution, etc Grand Rapids, MI., :
Name of publisher, distributor, etc Baker Book House
Date of publication, distribution, etc 1981
300 ## - PHYSICAL DESCRIPTION
Extent illus. ;
Dimensions 23 cm.
650 ## - SUBJECT ADDED ENTRY--TOPICAL TERM
Topical term or geographic name as entry element Christian Literature, Early (Collections)
942 ## - ADDED ENTRY ELEMENTS (KOHA)
Source of classification or shelving scheme
Koha item type Books
Copies
Date acquired Koha item type Shelving location Damaged status Barcode Copy number Date last seen Source of classification or shelving scheme Full call number Withdrawn status Current Location Not for loan Lost status Price effective from Permanent Location
2010-04-14BooksGeneral Stacks 1423312018-01-16 BR 60 .A62 L5 v.3 RHEMA Bible Training College  2010-04-14RHEMA Bible Training College